000 00323nam a22001337a 4500
008 260216b ||||| |||| 00| 0 eng d
020 _a9789951323970
041 _aeng
080 _a811.1801
100 _a20.1
101 _aromane
245 _aNë Kërkim të pasaportës së vjedhur
_cKrenar Zeneli
942 _2lcc
_cBK
999 _c60800
_d60800